| 000 | 00524nam a22001697a 4500 | ||
|---|---|---|---|
| 003 | MACL | ||
| 005 | 20160527150426.0 | ||
| 008 | 160527b xxu||||| |||| 00| 0 eng d | ||
| 040 | _cMACL | ||
| 041 | _aHindi | ||
| 082 | _a891.433 | ||
| 100 |
_aपाठक, दिनेश _960229 |
||
| 245 |
_aनाव न बॉधो ऐसी ठौर _cदिनेश पाठक |
||
| 260 |
_aदिल्ली _bपरमेश्वरी प्रकाशन _c2012 |
||
| 650 |
_aNovel _960230 |
||
| 942 |
_2ddc _cHIN |
||
| 999 |
_c54126 _d54126 |
||